Datum a čas kvízu
15.5
Celkem bodů
Celkový počet nahraných bodů na tomto kvízu bez doplňovacích otázek.
8.
Pořadí na kvízu
Konečné umístění týmu na tomto kvízu.
Zaznamenané odpovědi
| # | Otázka | Odpověď | Body | Výsledky |
|---|---|---|---|---|
| 1. | Pražská soukromá vysoká škola... | je online | 0 | |
| 2. | Slovenskému premiérovi Igoru M... | Žije v nezkolaudovaném domě. | 0 | |
| 3. | Minulý týden byl odhalen trail... | Bábovky | 0 | |
| 4. | Ve Velharticích na Klatovsku o... | brambory | 0 | |
| 5. | Jak se jmenuje čerstvý držitel... | Tomáš Souček | 1 | |
| 6. | Historie kulečníkových her sah... | slonovina | 0 | |
| 7. | Kulečník, nebo také biliár (z... | pool | 0 | |
| 8. | Osmička (Eight-ball) se hraje... | A | 1 | |
| 9. | Nyní vám pustíme ukázku ze ser... | karambol | 0 | |
| 10. | The Hustler, česky Hazardní hr... | Barva peněz | 0 |